| 000 | 00330nam a22001337a 4500 | ||
|---|---|---|---|
| 020 | _qPB. | ||
| 040 | _cFIZZA ISHAQ | ||
| 082 |
_a843.912 _bAND |
||
| 100 |
_aMALRAUX,ANDRE. _957810 |
||
| 245 |
_aTHE CONQUERORS / _cANDRE MALRAUX. |
||
| 260 |
_aNEW YORK ; _bBEACON PRESS, _c1929. |
||
| 300 |
_a193 P. ; _c7.9X5.1IN |
||
| 942 |
_2ddc _cBK |
||
| 999 |
_c616428 _d616428 |
||